Countries that are not recognised by some countries - Statistics

General Stats
  • This quiz has been taken 67 times
  • The average score is 5 of 9
Answer Stats
Not recognised by Country % Correct
South Korea North Korea
98%
North Korea South Korea
95%
Turkey, Northern Cyprus Cyprus
87%
Afghanistan, Algeria, Bangladesh, Brunei, Comoros, Djibouti, Indonesia,Iraq, Iran, Kuwait, Lebanon, Libya, Malaysia, North Korea, Oman, Pakistan, Qatar, Saudi Arabia,Somalia, Syria, Tunisia, Yemen Israel
82%
Israel Palestine
82%
Pakistan Armenia
28%
China Bhutan
23%
Tuvalu Republic of Abkhazia
2%
Morocco Sahrawi Arab Democratic Republic
2%
No matching quizzes found
Score Distribution
Percent of People with Each Score
Percentile by Number Answered
Your Score History
You have not taken this quiz